Výskum v oblasti fotovoltických solárnych panelov

Guardado en:
Detalles Bibliográficos
Autor principal: Machara, Adam (Autor)
Otros Autores: Kuracina, Richard (Orientador)
Formato: Manuscrito Libro
Lenguaje:eslovaco
Publicado: 2024
Materias:
Acceso en línea:http://is.stuba.sk/zp/portal_zp.pl?podrobnosti=178048
Etiquetas: Agregar Etiqueta
Sin Etiquetas, Sea el primero en etiquetar este registro!

MARC

LEADER 00000ntm a22000003a 4500
001 stuzp99315
003 SK-STU
005 20240608213024.4
007 ta
008 150427s2015----xo-----f-mn---000-0-slo-d
040 |a STU  |b slo 
041 0 |a slo 
100 1 |a Machara, Adam  |u 065000  |4 aut  |U MTF Materiálovotechnologická fakulta  |T MTF Ústav integrovanej bezpečnosti  |X 122323  |U M5000  |Y 85  |7 122323 
242 0 1 |a Research in the field of photovoltic solar panels  |y eng 
245 1 0 |a Výskum v oblasti fotovoltických solárnych panelov 
260 |c 2024 
650 4 |a Fotovoltaika  |2 slo 
650 4 |a Revízia  |2 slo 
650 4 |a Inštalácia  |2 slo 
650 4 |a Konštrukcia  |2 slo 
650 4 |a Recyklácia  |2 slo 
650 4 |a Photovoltaics  |2 eng 
650 4 |a Installation  |2 eng 
650 4 |a Revision  |2 eng 
650 4 |a Construction  |2 eng 
650 4 |a Recycling  |2 eng 
700 1 |a Kuracina, Richard  |u 065200  |k Z1  |4 ths  |U MTF Ústav integrovanej bezpečnosti  |T MTF Katedra bezpečnostného inžinierstva  |X 38282  |U M5200  |Y 192  |7 A000038282 
856 4 |u http://is.stuba.sk/zp/portal_zp.pl?podrobnosti=178048 
996 |c M* DP-15379  |l MMSKP  |s P  |a 0  |w stuzp99315_0001